Obchody sa chystajú na bezobslužnú budúcnosť

Príchod prvých autonómnych predajní na Slovensko predznamenáva trend, ktorý je, zdá sa, neodvrátiteľný. Nedostatok kvalifikovanej pracovnej sily spolu s meniacimi sa preferenciami spotrebiteľov ukazuje, že postupnému prechodu k obchodom, v ktorých už takmer nebude vidno personál, sa nikto neubráni...

Description complète

Enregistré dans:
Détails bibliographiques
Auteur principal: Kapitán, Peter
Format: Chapitre de livre
Langue:slovaque
Sujets:
Tags: Ajouter un tag
Pas de tags, Soyez le premier à ajouter un tag!

MARC

LEADER 00000naa a2200000 4500
001 0303828
005 20240826102804.6
041 0 |a slo 
044 |a CZ 
245 1 0 |a Obchody sa chystajú na bezobslužnú budúcnosť  |c Peter Kapitán 
520 |a Príchod prvých autonómnych predajní na Slovensko predznamenáva trend, ktorý je, zdá sa, neodvrátiteľný. Nedostatok kvalifikovanej pracovnej sily spolu s meniacimi sa preferenciami spotrebiteľov ukazuje, že postupnému prechodu k obchodom, v ktorých už takmer nebude vidno personál, sa nikto neubráni. Ak sa chcú obchodníci na budúcnosť dobre pripraviť, mali by do nej začať investovať už dnes. Riešení, ktoré sa im ponúkajú, je veľké množstvo. 
610 2 0 |a vybavenosť pracoviska 
610 2 0 |a predajne 
610 2 0 |a digitalizácia 
610 2 0 |a robotizácia 
610 2 0 |a technológie nové 
100 1 |a Kapitán, Peter